Triedy druhého stupňa základných škôl a stredných škôl by mali byť od januára 2014 plnšie

Enregistré dans:
Détails bibliographiques
Auteur principal: Neupauerová, Zuzana
Format: Chapitre de livre
Langue:slovaque
Sujets:
Tags: Ajouter un tag
Pas de tags, Soyez le premier à ajouter un tag!

MARC

LEADER 00000nla a2200000 4500
001 0178651
005 20240502073033.4
041 0 |a slo 
044 |a SK 
245 1 0 |a Triedy druhého stupňa základných škôl a stredných škôl by mali byť od januára 2014 plnšie  |c Zuzana Neupauerová 
610 2 0 |a školstvo 
610 2 0 |a zákony 
610 2 0 |a novelizácia 
100 1 |a Neupauerová, Zuzana